000 01072cam a22003137a 4500
003 CHAP
005 20220817041615.0
008 971013s1978 r 00010 d
010 _a19564
011 _a20536
035 _a24624
040 _cCHAP
090 _aFolleto 6885
110 _aAmerican Society of Animal Science. Champaign, Ill.
_95297
245 0 _aSymposium on use of the computer in animal science teaching, research and extension
260 _aChampaign, Ill. :
_bAmerican Society of Animal Science,
_c1978
300 _a64 p
590 _aBATCH-UPD
_b10
_c20130109
_lUCH01
_h2347
590 _aBATCH-UPD
_b10
_c20130110
_lUCH01
_h1830
590 _aBATCH-UPD
_b10
_c20130409
_lUCH01
_h1918
590 _aBATCH-UPD
_b10
_c20130410
_lUCH01
_h1202
590 _aBATCH-UPD
_b10
_c20130914
_lUCH01
_h1456
590 _aCONVERSION
_b10
_c20130109
_lUCH01
_h1312
650 1 4 _aGanadería.
_944604
650 1 4 _aProcesamiento automático de datos en ganadería.
901 _aBK
942 _cFOLL
949 _aFolleto 6885
_bBC
_cFOLL
_d-56691
_eTS1
_i24624
_si
_t117.00
999 _c19564
_d19564